Southville International School and Colleges
Your cart is empty.
  • Cart
  • Lists
    Public lists Eva Luna New books Lux_list list_1
    Your lists Log in to create your own lists
  • Log in to your account
  • Your cookies
  • Search history
Southville International School and Colleges
  • Advanced search
  • Recent comments
  • Most popular
  • Libraries

Log in to your account

Log in with GOOGLE


If you do not have an external account, but do have a local account, you can still log in:

  1. Home
  2. MARC view: Jonathan Livingston Seagull /
Normal view MARC view ISBD view

Jonathan Livingston Seagull / (Record no. 305294)

[ view plain ]
MARC details
000 -LEADER
fixed length control field 00946cam a2200277 4500
001 - CONTROL NUMBER
control field 2691454
003 - CONTROL NUMBER IDENTIFIER
control field SISC
005 - DATE AND TIME OF LATEST TRANSACTION
control field 20161127205420.0
008 - FIXED-LENGTH DATA ELEMENTS--GENERAL INFORMATION
fixed length control field 700818s1970 nyua j 000 1 eng
010 ## - LIBRARY OF CONGRESS CONTROL NUMBER
LC control number 75119617
040 ## - CATALOGING SOURCE
Original cataloging agency DLC
Transcribing agency DLC
Modifying agency DLC
042 ## - AUTHENTICATION CODE
Authentication code lcac
050 00 - LIBRARY OF CONGRESS CALL NUMBER
Classification number PZ 10.3
Item number .B123 1970
082 00 - DEWEY DECIMAL CLASSIFICATION NUMBER
Classification number [Fic]
100 1# - MAIN ENTRY--PERSONAL NAME
Personal name Bach, Richard.
245 10 - TITLE STATEMENT
Title Jonathan Livingston Seagull /
Statement of responsibility, etc Richard Bach, Photographs by Russell Munson.
260 ## - PUBLICATION, DISTRIBUTION, ETC. (IMPRINT)
Place of publication, distribution, etc New York :
Name of publisher, distributor, etc SCRIBNER,
Date of publication, distribution, etc 1970.
300 ## - PHYSICAL DESCRIPTION
Extent 95 pages :
Other physical details illustrations ;
Dimensions 22 cm.
350 ## - PRICE (NR) (BK AM CF MU VM SE) [OBSOLETE]
Price 4.95
520 ## - SUMMARY, ETC.
Summary, etc Because he spends so much time perfecting his flying form instead of concentrating on getting food, a seagull is ostracized by the rest of the flock.
650 #1 - SUBJECT ADDED ENTRY--TOPICAL TERM
Topical term or geographic name as entry element Gulls
General subdivision Fiction.
700 1# - ADDED ENTRY--PERSONAL NAME
Personal name Munson, Russell,
Relator term illus.
710 2# - ADDED ENTRY--CORPORATE NAME
Corporate name or jurisdiction name as entry element Rouben Mamoulian Collection (Library of Congress)
Institution to which field applies DLC
906 ## - LOCAL DATA ELEMENT F, LDF (RLIN)
a 7
b cbc
c orignew
d 2
e ncip
f 19
g y-gencatlg
942 ## - ADDED ENTRY ELEMENTS (KOHA)
Source of classification or shelving scheme Library of Congress Classification
Koha item type Books
Holdings
Withdrawn status Lost status Source of classification or shelving scheme Damaged status Home library Current library Shelving location Date acquired Source of acquisition Sub Shelving location Total Checkouts Full call number Barcode Date last seen Date checked out Price effective from Koha item type
    Library of Congress Classification   College Library College Library Fiction Section 11/27/2016 Donation   1 PZ 10.3 .B123 1970 C20799 08/15/2019 08/07/2019 11/27/2016 Books

Jonathan Livingston Seagull /

APA

Bach R., Munson R. & Rouben Mamoulian Collection (Library of Congress). (1970). Jonathan Livingston Seagull. New York: SCRIBNER.

Chicago

Bach Richard, Munson Russell and Rouben Mamoulian Collection (Library of Congress). 1970. Jonathan Livingston Seagull. New York: SCRIBNER.

Harvard

Bach R., Munson R. and Rouben Mamoulian Collection (Library of Congress). (1970). Jonathan Livingston Seagull. New York: SCRIBNER.

MLA

Bach Richard, Munson Russell and Rouben Mamoulian Collection (Library of Congress). Jonathan Livingston Seagull. New York: SCRIBNER. 1970.

  • Place hold
  • Print
  • Cite
  • Add to your cart (remove)
  • Save record
    BIBTEX Dublin Core MARCXML MARC (non-Unicode/MARC-8) MARC (Unicode/UTF-8) MARC (Unicode/UTF-8, Standard) MODS (XML) RIS
  • More searches
    Search for this title in:
    Other Libraries (WorldCat) Other Databases (Google Scholar) Online Stores (Bookfinder.com) Open Library (openlibrary.org)

Exporting to Dublin Core...

SOUTHVILLE LIBRARY

Southville International School and Colleges Library

1281 Tropical Ave. Cor. Luxembourg St., BF Homes International, Las Pinas City

Tel. No. 8256374 / 252358 Loc. 117/146

Powered by Koha